00913ny a22002173n 450000500170000000800410001702200140005803500090007204000140008124500590009525600240015426000850017850601700026365000530043365000220048665000500050874000400055884300270059885300300062585600400065520240305165333.0950612c19689999at uu eng  a0085-3224 a2909 aBUSdvLex30aMelbourne journal of politicsh[Recurso electrónico] aServicio en línea aParkville, Victoria, Australia :bMelbourne University Political Science Society1 aContenido solo disponible en los productos indicadosdvLex GlobaldvLex Global (Academic Edition, excluding Law Schools)dvLex Global (Academic Edition, Law Schools)04aCiencias políticasxPublicaciones periódicas04aPolitical science04aInternational Relations/International Justice0 avLex Revista (Servicios en línea) aElectrónica. Abierta 81i(year)j(month)k(day)40uhttps://app.vlex.com/#/sources/2909